Eesti maakonnad piirnevate maakondade järgi - Statistics

General Stats
  • This quiz has been taken 24 times
  • The average score is 13 of 13
Answer Stats
Piirnevad maakonnad Maakond % Correct
Lääne, Rapla, Järva, Lääne-Viru Harju
100%
Lääne-Viru, Jõgeva Ida-Viru
100%
Rapla, Harju, Lääne-Viru, Jõgeva, Viljandi, Pärnu Järva
96%
Ida-Viru, Lääne-Viru, Järva, Viljandi, Tartu Jõgeva
96%
Harju, Järva, Jõgeva, Ida-Viru Lääne-Viru
96%
Lääne, Rapla, Järva, Viljandi Pärnu
96%
Tartu, Valga, Võru Põlva
96%
Lääne, Harju, Järva, Pärnu Rapla
96%
Jõgeva, Viljandi, Valga, Põlva Tartu
96%
Viljandi, Tartu, Põlva, Võru Valga
96%
Pärnu, Järva, Jõgeva, Tartu, Valga Viljandi
96%
Valga, Põlva Võru
96%
Harju, Rapla, Pärnu Lääne
92%
No matching quizzes found
Score Distribution
Percent of People with Each Score
Percentile by Number Answered
Your Score History
You have not taken this quiz